Ordinary differential equation / (Record no. 2560)

MARC details
000 -LEADER
fixed length control field 00583nam a22001937a 4500
005 - DATE AND TIME OF LATEST TRANSACTION
control field 20260310095329.0
008 - FIXED-LENGTH DATA ELEMENTS--GENERAL INFORMATION
fixed length control field 260310b |||||||| |||| 00| 0 eng d
020 ## - INTERNATIONAL STANDARD BOOK NUMBER
International Standard Book Number 978-1-98465-979-8
082 ## - DEWEY DECIMAL CLASSIFICATION NUMBER
Classification number 515.35 T531 2023
110 ## - MAIN ENTRY--CORPORATE NAME
Corporate name or jurisdiction name as entry element 3G E-Learning
9 (RLIN) 387
245 ## - TITLE STATEMENT
Title Ordinary differential equation /
Statement of responsibility, etc. 3G E-Learning,
250 ## - EDITION STATEMENT
Edition statement 2nd ed.
260 ## - PUBLICATION, DISTRIBUTION, ETC.
Place of publication, distribution, etc. New York:
Name of publisher, distributor, etc. 3G E-Learning,
Date of publication, distribution, etc. c2023
300 ## - PHYSICAL DESCRIPTION
Extent xiii, 441p.:
Other physical details ill. (some col.)
504 ## - BIBLIOGRAPHY, ETC. NOTE
Bibliography, etc. note Includes bibliographical references and index
541 ## - IMMEDIATE SOURCE OF ACQUISITION NOTE
Accession number 7966 c.1
650 ## - SUBJECT ADDED ENTRY--TOPICAL TERM
Topical term or geographic name entry element Differential equations
9 (RLIN) 371
650 ## - SUBJECT ADDED ENTRY--TOPICAL TERM
Topical term or geographic name entry element Calculus
9 (RLIN) 372
Holdings
Withdrawn status Lost status Source of classification or shelving scheme Damaged status Not for loan Home library Current library Date acquired Total Checkouts Full call number Barcode Date last seen Copy number Price effective from Koha item type
    Dewey Decimal Classification     ctu-moalboal ctu-moalboal 02/20/2024   515.35 T531 2023 7966 03/10/2026 1 03/10/2026 Books-Reference